Las habichuelas con dulce / (Registro nro. 14510)

Detalles MARC
000 -LIDER
fixed length control field 01290nam a22003377a 4500
003 - IDENTIFICACDOR DE NÚMERO DE CONTROL
control field DO-SdBNP
005 - DATE AND TIME OF LATEST TRANSACTION
control field 20231211124641.0
008 - ELEMENTOS DE LONGITUD FIJA
fixed length control field 210426b 2018 dr 00| 0 spa d
020 ## - ISBN
International Standard Book Number 9789945176070
040 ## - FUENTE DE CATALOGACIÓN
Agencia que crea de manera original el registro BPMSU
Idioma de catalogación spa
Agencia que realiza la transcripción BPMSU
082 #4 - NÚMERO DE CLASIFICACIÓN DECIMAL DE DEWEY
Classification number RD863.5
Item number R789h 2018
Edition number 22
092 ## - LOCALLY ASSIGNED DEWEY DECIMAL CALL NUMBER
Número de clasificación
100 1# - ASIENTO PRINCIPAL -- NOMBRE PERSONAL
Nombre personal Rosario, Eddy
Fechas asociadas con el nombre
245 10 - MENCIÓN DE TITULO
Título Las habichuelas con dulce /
Mención de responsabilidad Eddy Rosario, Joselito Rosario, Seily Ruiz ; ilustración: Yatxel Sánchez ; investigación: Laura V. Sánchez-Vincitore ; coordinación pedagógica: Cledenin Veras
260 ## - PUBLICACIÓN, DISTRIBUCIÓN, ETC. (PIE DE IMPRENTA)
Lugar de publicación, distribución, etc Santo Domingo:
Nombre del editor, distribuidor, etc. Ediciones SM ;
-- Universidad Iberoamericana (UNIBE),
Fecha de publicación, distribución, etc 2018
300 ## - DESCRIPCIÓN FÍSICA
Extensión 39 p. :
Otros detalles físicos ilus. ;
Dimensiones 15 cm
490 0# - MENCIÓN DE SERIES
Materiales especificados La Liga de la Esperanza,
Volume/sequential designation 3
500 ## - NOTA GENERAL
Materiales especificados
505 ## - NOTA DE CONTENIDO
Texto normalizado de contenido Narración literaria -- Convocatoria de concurso --Receta de cocina
590 ## - NOTA LOCAL
Texto de la nota local Inventariado, 2023/VM
650 #4 - ENCABEZAMIENTO DE MATERIA--TEMÁTICO
Término temático o nombre geográfico como elemento de entrada Cuentos juveniles dominicanos
650 #4 - ENCABEZAMIENTO DE MATERIA--TEMÁTICO
Término temático o nombre geográfico como elemento de entrada Tiras cómicas, historietas
650 #4 - ENCABEZAMIENTO DE MATERIA--TEMÁTICO
Término temático o nombre geográfico como elemento de entrada Habichuelas con dulce
Subdivisión de forma Cuentos
650 #4 - ENCABEZAMIENTO DE MATERIA--TEMÁTICO
Término temático o nombre geográfico como elemento de entrada Concursosc
Subdivisión de forma Cuentos
650 #4 - ENCABEZAMIENTO DE MATERIA--TEMÁTICO
Término temático o nombre geográfico como elemento de entrada Literatura juvenil dominicana
700 1# - ASIENTO SECUNDARIO -- NOMBRE PERSONAL
Materiales especificados Sánchez, Yatxel,
Mención de responsabilidad ilustrador
700 1# - ASIENTO SECUNDARIO -- NOMBRE PERSONAL
Materiales especificados Sánchez-Vincitore, Laura V.
Mención de responsabilidad investigador
700 1# - ASIENTO SECUNDARIO -- NOMBRE PERSONAL
Nombre personal Veras, Cledenin
Mención de responsabilidad coordinador pedagógico
910 ## - VALIDACIÓN
Validación VMateo V. Control de calidad. BPMSU
942 ## - ADDED ENTRY ELEMENTS (KOHA)
Source of classification or shelving scheme Dewey Decimal Classification
Koha item type Libros
Existencias
Withdrawn status Lost status Source of classification or shelving scheme Damaged status Not for loan Collection code Home library Current library Date acquired Total Checkouts Full call number Barcode Date last seen Price effective from Koha item type Copy number
    Dewey Decimal Classification     Colección Juvenil Dominicana Biblioteca Pública Metropolitana Salomé Ureña Biblioteca Pública Metropolitana Salomé Ureña 12/11/2023   BPMSU CJD RD863.5 R789h 2018 BPMSU23120027 12/11/2023 12/11/2023 Libros  
    Dewey Decimal Classification     Colección Juvenil Dominicana Biblioteca Pública Metropolitana Salomé Ureña Biblioteca Pública Metropolitana Salomé Ureña 12/11/2023   BPMSU CJD RD863.5 R789h 2018 BPMSU23120028 12/11/2023 12/11/2023 Libros e.2
    Dewey Decimal Classification     Colección Juvenil Dominicana Biblioteca Pública Metropolitana Salomé Ureña Biblioteca Pública Metropolitana Salomé Ureña 12/11/2023   BPMSU CJD RD863.5 R789h 2018 BPMSU23120041 12/13/2023 12/11/2023 Libros e.3